| 000 | 01100cam a2200265 a 4500 | ||
|---|---|---|---|
| 999 |
_c128602 _d128602 |
||
| 001 | 1069242 | ||
| 003 | ARRUPE | ||
| 005 | 20181121090457.0 | ||
| 008 | 910220s1991 nyu 000 0 eng | ||
| 010 | _a 91009655 | ||
| 020 |
_a0486268713 : _c$1.0 |
||
| 040 |
_aDLC _cDLC _dDLC |
||
| 050 | 1 | 0 |
_aPR4832 _b.G23 1991 |
| 082 | 0 | 0 |
_a821/.7 _220 |
| 100 | 1 |
_aKeats, John, _d1795-1821. _929874 |
|
| 245 | 1 | 0 |
_aLyric poems / _cJohn Keats. |
| 260 |
_aNew York : _bDover Publications, _c1991. |
||
| 300 |
_aviii, 66 p. ; _c22 cm. |
||
| 440 | 0 |
_aDover thrift editions _917031 |
|
| 500 | _a"Contains 30 poems reprinted from The poetical works of John Keats, edited by H.W. Garrod, Oxford University Press, London, 1956"--T.p. verso. | ||
| 856 | 4 | 2 |
_3Publisher description _uhttp://www.loc.gov/catdir/description/dover032/91009655.html |
| 856 | 4 | 1 |
_3Table of contents only _uhttp://www.loc.gov/catdir/enhancements/fy1318/91009655-t.html |
| 906 |
_a7 _bcbc _corignew _d1 _eocip _f19 _gy-gencatlg |
||
| 942 |
_2lcc _cMONOGRAPH |
||